000 00469nam a2200169Ia 4500
001 7654
003 GE_BSU
008 181216s||||||||xx |||||||||||||| ||und||
040 _cGE_BSU
245 _aКлиническая медицина.№7.Том 91.2013.
245 _cГл. ред. В.Б.Симоненко. и др.
260 _aмосква.
260 _bИздателство медицина.
260 _c2013.
300 _a80ст;29см.
942 _cCR
999 _c41006
_d41006